000 00867nam a2200265 a 4500
001 48473
003 BD-RjUL
005 20211209054530.0
008 160814s1950 enk b 000 0 eng
035 _a(BD-RjUL)48592
035 _a(OCoLC)8911115
040 _aDLC
_cICarbS
_dUk
_dDLC
_dBD-RjUL
_beng
041 _aeng
082 _a370.15
_bFOE 1950
100 1 _aFox, Charles,
_d1876-1964.
_9146567
245 1 0 _aEducational psychology, its problems and methods /
_cCharles Fox.
250 _a4th ed., completely rev. and rewritten.
260 _aLondon:
_bRoutledge & Paul,
_c1950
300 _aviii, 388 p. :
_bdiagrs.
_c23 cm.
504 _a"References": p. 369-380.
650 0 _aEducational psychology.
_9146569
942 _2ddc
_cBK
999 _c48473
_d48473